Rousseau, Kant, Goethe / (Record no. 4770)

MARC details
000 -LEADER
campo de control de longitud fija 00561ntaaa2200205 4500
003 - IDENTIFICADOR DE NÚMERO DE CONTROL
campo de control 01
005 - FECHA Y HORA DE LA ÚLTIMA TRANSACCIÓN
campo de control 20251027201048.0
008 - DATOS DE LONGITUD FIJA--INFORMACIÓN GENERAL
campo de control de longitud fija 0714s1973 ag 01
040 ## - FUENTE DE CATALOGACIÓN
Centro catalogador/agencia de origen AR-BaBN
Lengua de catalogación spa
Centro/agencia transcriptor AR-BaBN
Normas de descripción aacr
Centro/agencia modificador RIC
082 ## - NÚMERO DE LA CLASIFICACIÓN DECIMAL DEWEY
Número de clasificación 190 C27
100 ## - ENTRADA PRINCIPAL--NOMBRE DE PERSONA
Nombre de persona Cassirer, Ernst
245 ## - MENCIÓN DEL TÍTULO
Título Rousseau, Kant, Goethe /
Mención de responsabilidad, etc. Ernst Cassirer
250 ## - MENCION DE EDICION
Mención de edición 1 ed.
300 ## - DESCRIPCIÓN FÍSICA
Extensión xvii, 98 p.
500 ## - NOTA GENERAL
Nota general Estudio de la filosofía de Rousseau, Kant y Goethe.
650 ## - PUNTO DE ACCESO ADICIONAL DE MATERIA--TÉRMINO DE MATERIA
Término de materia o nombre geográfico como elemento de entrada Filosofía
650 ## - PUNTO DE ACCESO ADICIONAL DE MATERIA--TÉRMINO DE MATERIA
Término de materia o nombre geográfico como elemento de entrada Kant, Emmanuel (1724-1804)
9 (RLIN) 8025
650 ## - PUNTO DE ACCESO ADICIONAL DE MATERIA--TÉRMINO DE MATERIA
Término de materia o nombre geográfico como elemento de entrada Goethe, J. Wolgang (1749-1832)
9 (RLIN) 8026
942 ## - ELEMENTOS DE ENTRADA SECUNDARIOS (KOHA)
Tipo de ítem Koha Colección General
Holdings
Estatus retirado Estado de pérdida Estado de daño No para préstamo Biblioteca de origen Biblioteca actual Fecha de adquisición Número de inventario Total de préstamos Signatura topográfica completa Código de barras Visto por última vez Precio de reemplazo Tipo de ítem Koha
        Biblioteca Pluis Biblioteca Pluis 27/10/2025 025081   190 C27 025081 27/10/2025 27/10/2025 Colección General